Genshin Impact Characters April Fools Edition - Statistics

General Stats
  • This quiz has been taken 53 times
  • The average score is 35 of 114
Answer Stats
Hint Answer % Correct
Tone-Deaf Bard Venti
86%
Acting Klee's Mother Jean
80%
Wet feet Kamisato Ayaka
80%
So unlucky his birthday is on 2/29, look it up Bennett
74%
Lupical the Third Razor
69%
Has she ever found out the lyre is still broken yer Barbara
66%
Neko Neko Neko Kirara
66%
Terrorist Klee
63%
Not playable, not a character, just emergency food, don't care if you like her you;re not getting a perfect score otherwise Paimon
63%
You lost the 50/50 Qiqi
63%
Red Collei Amber
60%
Green Amber Collei
60%
The worst Archon, because she isn't one, needs all the head pats Furina
60%
Has the above's keys Alhaitham
57%
Forgets his keys Kaveh
57%
Oratrice Mecanique d'Analyse Cardinale Neuvillette
57%
Also Puppet Wanderer
57%
Otaku Grandma Citlali
54%
Clanker Ineffa
54%
Rock star with a pyro vision, should have been geo Xin Yan
54%
Say what you want about catholic priests, but at least they don't force a baptism Dahlia
51%
Harken, do thou amend thy face with splendors and fortune. Wouldst thou joineth your princessen around her kingdom on this glorious dawn.Translation: Hi Fischl
51%
Rich Girl, Poor Life Choices Mona
51%
Discount Batman Diluc
49%
Edge Lord Appearance, Gentlemanly Voice Flins
49%
I have nothing for this guy, he's so boring I can't think of a way to make it funny, so just type Ayato, that's the joke Kamisato Ayato
49%
Raiden Shogun's biggest simp Kujou Sara
49%
Missed opportunity to add the Abyss element to the game Skirk
49%
Geo finally becomes good Zibai
49%
Musket enthusiast Chevreuse
46%
Hatsune Miku Faruzan
46%
The best Archon Mavuika
46%
Discount Sherlock Holmes Shikanoin Heizou
46%
Male Green Amber Tighnari
46%
Went to buy milk for six months or 5 years Varka
46%
Bite me Father Arlecchino
43%
Puppet Raiden Shogun
43%
Fake cat girl Dehya
40%
Cliff climbing ASMR Lisa
40%
Edge lord in appearance, autistic when you talk to him Ororon
40%
The best God Columbina
37%
Card games on motorcycles is an old joke he would absolutely make Cyno
37%
Was barely in the Natlan story Iansan
37%
Shikanoko Nokonoko Koshitantan Lauma
37%
Cat girl Lynette
37%
Lets go gambling Yelan
37%
Doesn't matter what the wiki says hers species is, this girl is a succubus Yumemizuki Mizuki
37%
Teased dendro element for almost two versions Baizhu
34%
Takes pictures of ice sculptures Charlotte
34%
Has the best pet Ifa
34%
Has a pet we know and tolerate Kinich
34%
Impossible to make a Crit build Sangonomiya Kokomi
34%
When a late 4 star anemo catalyst is worse than an early 4 star anemo catalyst Lan Yan
31%
OBJECTION Yanfei
31%
Experienced the saddest character death Chasca
29%
Classic set up for a murder in a city built around court cases Lyney
29%
Mother Goose Xianyun
29%
Poor Guy, Questionable Life Choices Zhongli
29%
Blocks one attack and suddenly he's ready to take on a God Kaedehara Kazuha
26%
I hate her new voice actor, she sounded better shy Sucrose
26%
Yeeted Tartaglia
26%
Finally a character not fighting in heels Varesa
26%
Tiger mom Xilonen
26%
Works a job she hates Diona
23%
Tiger mom's little sister Kachina
23%
We knew she would immediately be in the very next summer event Mualani
23%
Spell his name I dare you Wriothesley
23%
I'm surprised the world is still here after she and Klee met Yoimiya
23%
"Kinda fair skinned for a dessert dweller" Nefer
20%
That sword is still there from when she yeeted it across the city Noelle
20%
Puts the most poisonous things in her food, we eat it anyway Xiangling
20%
"I won't help you", "They said your books won't sell", "How dead do you want them?" Yae Miko
20%
Where's the lamb sauce! Escoffier
17%
Everyone pronounced his name wrong at least one time Gaming
17%
Oh no, hospital food Sigewinne
17%
Best four star Xingqiu
17%
The biggest scam other than the idea of winning the 50/50 Dori
14%
The longest Story Quest Durin
14%
The joke character Jahoda
14%
Experienced the saddest character death, offscreen Navia
14%
Kills her enemies by dropping buildings on them Ningguang
14%
"My girl a 2, but she is 2 (Foot)" - Everyone Sayu
14%
I had to listen to him for an entire quest while his pet is just grooving half the time, and I love both of them for it. Arataki Itto
11%
Edward Elric Albedo
9%
Implied she's a lesbian Beidou
9%
Best designed four star, almost never on rate up Candace
9%
Why does he sound so bored Freminet
9%
That monster went out in the best way possible Ganyu
9%
Work a job she likes, a little too much, but we still spend money on her Hu Tao
9%
Makes every straight man and lesbian question their sexuality Kaeya
9%
Gotta respect someone who can put up with so much S#$* Kuki Shinobu
9%
"My girl a 10, but she is 10" - Max0r Nahida
9%
Edgelord? Emo? Goth? My vote is for tsundere Xiao
9%
Will never get to do his job Chongyun
6%
Does this smell like chloroform to you Emilie
6%
Biggest Slappy in Teyvat until Lauma came Eula
6%
No play and all work makes me a dull girl Keqing
6%
I've only found one person to include them in a Jetpunk "All" Playable Characters quiz Manekin
6%
The only character I would switch to Japanese Dub for Mika
6%
The only 5 star character to be reduced to a plot device Nilou
6%
Will absolutely choose violence when sobber Rosaria
6%
Why can I picture him in a maid outfit Thoma
6%
"My girl a 10, but she is 10" - Me Aino
3%
Will never see her stars lights up Aloy
3%
I wish we could get those costumes in-game Clorinde
3%
Was only in the story to be told to stay out of the story Illuga
3%
Zenitsu Layla
3%
Cutest girl since Klee Linnea
3%
He want that dog in him Sethos
3%
Will absolutely choose violence the moment negotiations fail Shenhe
3%
Has the worst pet Traveler
3%
Has the most adorable pet Yaoyao
3%
Will absolutely choose violence Chiori
0%
I prefer him in Mortal Kombat Gorou
0%
No matching quizzes found
Score Distribution
Percent of People with Each Score
Percentile by Number Answered
Your Score History
You have not taken this quiz